[Event "Titled Tuesday intern op 15th Sept"]
[Site "Chess.com INT"]
[Date "2020.09.15"]
[Round "8"]
[White "De Borba, Guilherme"]
[Black "Zong, Davis Jr"]
[Result "0-1"]
[WhiteElo "2279"]
[BlackElo "2129"]
[PlyCount "124"]
[EventDate "2020.09.15"]
[EventType "swiss (blitz)"]
[EventRounds "10"]
[EventCountry "USA"]
[SourceTitle "CBM 198 Extra"]
[Source "ChessBase"]
[SourceDate "2020.11.30"]
[SourceVersion "1"]
[SourceVersionDate "2020.11.30"]
[SourceQuality "1"]

1. d4 d5 2. Bf4 Nf6 3. e3 c5 4. c3 Nc6 5. Nf3 e6 6. Nbd2 Bd6 7. Bg3 0-0 8. Bd3 b6 9. e4 Be7 10. e5 Nh5 11. Ng5 Bxg5 12. Qxh5 g6 13. Qe2 cxd4 14. h4 Bxd2+ 15. Qxd2 dxc3 16. bxc3 f6 17. h5 g5 18. 0-0 fxe5 19. Bb5 Bd7 20. Bxc6 Bxc6 21. Bxe5 h6 22. Rae1 Qe8 23. f4 Qxh5 24. Qd3 g4 25. Kf2 a6 26. Rh1 Qf5 27. Qxf5 exf5 28. Rxh6 Bb5 29. Rg6+ Kf7 30. Rg7+ Ke6 31. Bd4+ Kd6 32. Rg6+ Kd7 33. Rh1 Rf7 34. Rh7 Rxh7 35. Rxb6 Rc8 36. Be5 Rh1 37. Rd6+ Ke7 38. Rg6 Rc1 39. Rg7+ Kf8 40. Kg3 R1xc3+ 41. Kh4 Rc1 42. Kg5 R8c6 43. Rb7 Bd3 44. Bf6 Be4 45. Kg6 Rxf6+ 46. Kxf6 Rc6+ 47. Ke5 Bxg2 48. Rb8+ Ke7 49. Rb7+ Kd8 50. Ra7 Be4 51. Kd4 g3 52. Rg7 g2 53. Ke5 Rc4 54. Kd6 Kc8 55. Rg8+ Kb7 56. Rg7+ Kb6 57. Ke5 Rc1 58. Rg6+ Kb5 59. Rg8 g1Q 60. Rb8+ Kc6 61. Rc8+ Kd7 62. Rd8+ Kxd8 0-1

[Event "Titled Tuesday intern op 15th Sept"]
[Site "Chess.com INT"]
[Date "2020.09.15"]
[Round "10"]
[White "Marcziter, Dmitrii"]
[Black "De Borba, Guilherme"]
[Result "0-1"]
[WhiteElo "2243"]
[BlackElo "2279"]
[PlyCount "136"]
[EventDate "2020.09.15"]
[EventType "swiss (blitz)"]
[EventRounds "10"]
[EventCountry "USA"]
[SourceTitle "CBM 198 Extra"]
[Source "ChessBase"]
[SourceDate "2020.11.30"]
[SourceVersion "1"]
[SourceVersionDate "2020.11.30"]
[SourceQuality "1"]

1. e4 c5 2. d4 cxd4 3. c3 dxc3 4. Nxc3 e6 5. Bf4 Nc6 6. Nf3 a6 7. a4 Nge7 8. Bc4 Ng6 9. Bg3 d6 10. 0-0 Be7 11. Re1 0-0 12. Qd2 Nge5 13. Nxe5 Nxe5 14. Ba2 Qc7 15. Rac1 Qb6 16. Kh1 Rd8 17. f4 Nc6 18. Bf2 Qa5 19. f5 Ne5 20. Bd4 Bd7 21. Qf2 Rf8 22. Qg3 Bf6 23. Rcd1 Qb4 24. Re2 b5 25. axb5 axb5 26. fxe6 fxe6 27. Qh3 Nc4 28. Bxf6 Rxf6 29. Bxc4 Qxc4 30. Qe3 b4 31. e5 dxe5 32. Ne4 Rf7 33. Nd6 Qd4 34. Qxd4 exd4 35. Nxf7 Kxf7 36. h3 Bb5 37. Re5 Bc6 38. Rxd4 b3 39. Rb4 Bd5 40. Re2 Ra1+ 41. Kh2 Rb1 42. Rf4+ Ke7 43. Rff2 Rc1 44. Rd2 Kd6 45. Rf7 Rc2 46. Rff2 Rc1 47. Kg3 Rg1 48. Kf4 Re1 49. Rfe2 Rc1 50. g4 Rf1+ 51. Kg5 Rc1 52. h4 Rc7 53. h5 h6+ 54. Kg6 Ra7 55. Rf2 Rc7 56. Rf7 Rc2 57. Rff2 Rc7 58. g5 hxg5 59. Kxg5 Ke5 60. Rfe2+ Kd6 61. Re3 Rc2 62. Red3 Rc7 63. Rxb3 Ke7 64. Rbd3 Rc5 65. b4 Rb5 66. Rd4 Bf3+ 67. Kg6 Bxh5+ 68. Kxg7 Bg4 0-1

[Event "Titled Tuesday intern op 08th Sept"]
[Site "Chess.com INT"]
[Date "2020.09.08"]
[Round "6"]
[White "De Borba, Guilherme"]
[Black "Miranda, Rafael"]
[Result "1-0"]
[WhiteElo "2279"]
[BlackElo "2284"]
[PlyCount "103"]
[EventDate "2020.09.08"]
[EventType "swiss (blitz)"]
[EventRounds "10"]
[EventCountry "USA"]
[SourceTitle "CBM 198 Extra"]
[Source "ChessBase"]
[SourceDate "2020.11.30"]
[SourceVersion "1"]
[SourceVersionDate "2020.11.30"]
[SourceQuality "1"]

1. e4 e5 2. Nf3 Nc6 3. Bc4 Bc5 4. c3 Nf6 5. d3 d6 6. 0-0 a6 7. h3 h6 8. a4 Ba7 9. Re1 0-0 10. Be3 Bxe3 11. Rxe3 Re8 12. Na3 Be6 13. Bxe6 Rxe6 14. Nc4 a5 15. Qc2 Nh5 16. d4 Rg6 17. dxe5 Nf4 18. Ne1 Nxe5 19. Nxe5 dxe5 20. Rd1 Qh4 21. Kh2 Re8 22. Rg3 Rf6 23. Nf3 Qh5 24. Rd7 Ne6 25. Qb3 Nc5 26. Qb5 Nxd7 27. Qxd7 Ree6 28. Qxc7 b6 29. Rg4 Rf4 30. Rxf4 exf4 31. Qb8+ Kh7 32. Qxf4 Qc5 33. e5 Qc7 34. Qf5+ g6 35. Qe4 Qe7 36. Qd5 Qe8 37. g3 Qxa4 38. Qb7 Qe8 39. Kg2 Kg7 40. h4 Qe7 41. Qd5 Qc5 42. Qd7 Re7 43. Qd3 Qc6 44. h5 Rxe5 45. Qd4 f6 46. hxg6 Kxg6 47. Qg4+ Rg5 48. Qf4 Rf5 49. Qg4+ Rg5 50. Qf4 Qd5 51. Kh2 Rf5 52. Nh4+ 1-0

[Event "Titled Tuesday intern op 08th Sept"]
[Site "Chess.com INT"]
[Date "2020.09.08"]
[Round "7"]
[White "Musovic, Armin"]
[Black "De Borba, Guilherme"]
[Result "0-1"]
[WhiteElo "2207"]
[BlackElo "2279"]
[PlyCount "58"]
[EventDate "2020.09.08"]
[EventType "swiss (blitz)"]
[EventRounds "10"]
[EventCountry "USA"]
[SourceTitle "CBM 198 Extra"]
[Source "ChessBase"]
[SourceDate "2020.11.30"]
[SourceVersion "1"]
[SourceVersionDate "2020.11.30"]
[SourceQuality "1"]

1. a3 e5 2. Nc3 d5 3. d4 e4 4. Bf4 Nf6 5. e3 Bd6 6. Be5 c6 7. Bg3 h5 8. Nge2 h4 9. Bxd6 Qxd6 10. h3 Nh5 11. Qd2 Be6 12. Nf4 Nxf4 13. exf4 Nd7 14. 0-0-0 a5 15. g4 f5 16. f3 Nf6 17. Re1 b5 18. Bg2 b4 19. Nb1 0-0 20. Rhg1 Rfc8 21. a4 c5 22. gxf5 Bxf5 23. fxe4 Nxe4 24. Bxe4 Bxe4 25. Re2 cxd4 26. Qxd4 Qxf4+ 27. Nd2 Rxc2+ 28. Kd1 Rc7 29. Nxe4 Qc1# 0-1

[Event "Titled Tuesday intern op 7th July"]
[Site "Chess.com INT"]
[Date "2020.07.07"]
[Round "10"]
[White "De Borba, Guilherme"]
[Black "Ambartsumova, Karina"]
[Result "0-1"]
[WhiteElo "2279"]
[BlackElo "2371"]
[PlyCount "130"]
[EventDate "2020.07.07"]
[EventType "swiss (blitz)"]
[EventRounds "10"]
[EventCountry "USA"]
[SourceTitle "CBM 197 Extra"]
[Source "ChessBase"]
[SourceDate "2020.09.30"]
[SourceVersion "1"]
[SourceVersionDate "2020.09.30"]
[SourceQuality "1"]

1. d4 Nf6 2. Bf4 e6 3. e3 d5 4. c3 Bd6 5. Bg3 c5 6. Nf3 Qc7 7. Nbd2 Nbd7 8. Bd3 0-0 9. 0-0 e5 10. e4 exd4 11. cxd4 dxe4 12. Nxe4 Nxe4 13. Bxe4 Nf6 14. Bc2 Bxg3 15. hxg3 Bg4 16. dxc5 Rad8 17. Qc1 Rd5 18. b4 Rh5 19. Re1 Qc6 20. Qf4 Be6 21. Rad1 Nd5 22. Qe4 Qc8 23. Qd4 Nf6 24. a3 a5 25. Ne5 axb4 26. axb4 Bd5 27. g4 Rh4 28. f3 Be6 29. Qf2 g5 30. Nd3 Nd5 31. Bb3 Rd8 32. Ne5 Qc7 33. Bxd5 Rxd5 34. Qe3 f6 35. Rxd5 Bxd5 36. Nd3 Qh2+ 37. Kf1 Bf7 38. Qf2 Qc7 39. Ke2 Kg7 40. Kd2 Qd7 41. Kc2 Bg6 42. Qe3 Rh2 43. Re2 h5 44. Kc3 hxg4 45. fxg4 Rh8 46. Qe7+ Qxe7 47. Rxe7+ Kh6 48. Rxb7 Rd8 49. Nb2 Re8 50. c6 Re2 51. b5 Rc2+ 52. Kb3 Rc1 53. c7 Be4 54. Nd3 Bxd3 55. b6 Be4 56. Rb8 Bd5+ 57. Kb2 Be6 58. c8Q Rxc8 59. Rxc8 Bxc8 60. Kc3 Kg6 61. Kd4 Bb7 62. Kc5 f5 63. gxf5+ Kxf5 64. Kd6 Bxg2 65. Kc7 g4 0-1

[Event "Titled Tuesday intern op 7th July"]
[Site "Chess.com INT"]
[Date "2020.07.07"]
[Round "5"]
[White "De Borba, Guilherme"]
[Black "Ismayil, Malak"]
[Result "1-0"]
[WhiteElo "2279"]
[BlackElo "1997"]
[PlyCount "89"]
[EventDate "2020.07.07"]
[EventType "swiss (blitz)"]
[EventRounds "10"]
[EventCountry "USA"]
[SourceTitle "CBM 197 Extra"]
[Source "ChessBase"]
[SourceDate "2020.09.30"]
[SourceVersion "1"]
[SourceVersionDate "2020.09.30"]
[SourceQuality "1"]

1. d4 Nf6 2. Bf4 e6 3. e3 d5 4. c3 Be7 5. Bd3 0-0 6. Nf3 c5 7. Nbd2 Nbd7 8. 0-0 b6 9. Ne5 Nxe5 10. Bxe5 Bb7 11. Qf3 Nd7 12. Qh3 f5 13. Bf4 Nf6 14. Nf3 Nd7 15. Ne5 Nxe5 16. Bxe5 Bf6 17. Bxf6 Qxf6 18. f4 c4 19. Bc2 b5 20. g4 g6 21. Qg3 Bc6 22. Kf2 Kf7 23. h4 Ke7 24. h5 Kd7 25. Rh1 Rf7 26. g5 Qe7 27. Rh4 Rg7 28. Rah1 Kc7 29. Ke2 a5 30. Kd2 b4 31. Qh2 Rag8 32. hxg6 hxg6 33. Rh7 Kb6 34. Rxg7 Rxg7 35. Qh8 Be8 36. Rh6 Kc7 37. Rh1 Kd6 38. Qh4 Kc7 39. Bd1 Bf7 40. Qh8 Bg8 41. Ba4 Kb6 42. Qh4 Kc7 43. Qe1 Qd6 44. Kc2 Qb6 45. b3 1-0

[Event "Titled Tuesday intern op 7th July"]
[Site "Chess.com INT"]
[Date "2020.07.07"]
[Round "6"]
[White "De Borba, Guilherme"]
[Black "Kopylov, Michael"]
[Result "1-0"]
[WhiteElo "2279"]
[BlackElo "2407"]
[PlyCount "59"]
[EventDate "2020.07.07"]
[EventType "swiss (blitz)"]
[EventRounds "10"]
[EventCountry "USA"]
[SourceTitle "CBM 197 Extra"]
[Source "ChessBase"]
[SourceDate "2020.09.30"]
[SourceVersion "1"]
[SourceVersionDate "2020.09.30"]
[SourceQuality "1"]

1. d4 Nf6 2. Bf4 g6 3. Nc3 d5 4. e3 Bg7 5. h4 h5 6. Be2 0-0 7. Nf3 Bg4 8. Ne5 Bxe2 9. Qxe2 Nbd7 10. 0-0-0 c6 11. f3 Qc8 12. g4 b5 13. Nxd7 Qxd7 14. Rdg1 a5 15. Be5 hxg4 16. fxg4 a4 17. h5 b4 18. h6 bxc3 19. hxg7 cxb2+ 20. Kb1 Kxg7 21. g5 Qf5 22. gxf6+ exf6 23. Rf1 Qxf1+ 24. Qxf1 fxe5 25. dxe5 f5 26. Kxb2 a3+ 27. Kc1 Rab8 28. Kd2 Rb2 29. Qh3 Rxa2 30. Qh7# 1-0

[Event "Titled Tuesday intern op 7th July"]
[Site "Chess.com INT"]
[Date "2020.07.07"]
[Round "1"]
[White "Rahman, Ziaur"]
[Black "De Borba, Guilherme"]
[Result "1/2-1/2"]
[WhiteElo "2415"]
[BlackElo "2279"]
[PlyCount "81"]
[EventDate "2020.07.07"]
[EventType "swiss (blitz)"]
[EventRounds "10"]
[EventCountry "USA"]
[SourceTitle "CBM 197 Extra"]
[Source "ChessBase"]
[SourceDate "2020.09.30"]
[SourceVersion "1"]
[SourceVersionDate "2020.09.30"]
[SourceQuality "1"]

1. d4 Nf6 2. c4 e6 3. Nc3 Bb4 4. Bd2 c5 5. dxc5 0-0 6. Nf3 Na6 7. e3 Nxc5 8. Be2 b6 9. 0-0 Bb7 10. a3 Bxc3 11. Bxc3 Nce4 12. Bd4 Rc8 13. Rc1 Qe7 14. Qa4 Ra8 15. b4 d5 16. c5 bxc5 17. bxc5 a5 18. c6 Ba6 19. Bxa6 Rxa6 20. Ne5 Rc8 21. Qb5 Raa8 22. Qb7 Qf8 23. Nd7 Nxd7 24. cxd7 Rcb8 25. Qc7 Qd8 26. f3 Nd2 27. Qe5 Qf8 28. Rfd1 Nc4 29. Qc7 Qd8 30. Qg3 Qf8 31. Bf6 Nxe3 32. Re1 Nf5 33. Qg4 Kh8 34. d8Q Rxd8 35. Bxd8 Qxd8 36. a4 Qd6 37. Kh1 Rb8 38. Qg5 h6 39. Qd2 Rb4 40. Rc8+ Kh7 41. Qc2 1/2-1/2

[Event "Titled Tuesday intern op 30th June"]
[Site "Chess.com INT"]
[Date "2020.06.30"]
[Round "4"]
[White "Buker, Muhittin"]
[Black "De Borba, Guilherme"]
[Result "1-0"]
[WhiteElo "1996"]
[BlackElo "2279"]
[PlyCount "77"]
[EventDate "2020.06.30"]
[EventType "swiss (blitz)"]
[EventRounds "10"]
[EventCountry "USA"]
[SourceTitle "CBM 197 Extra"]
[Source "ChessBase"]
[SourceDate "2020.09.30"]
[SourceVersion "1"]
[SourceVersionDate "2020.09.30"]
[SourceQuality "1"]

1. d4 Nf6 2. c4 e6 3. Nf3 Be7 4. g3 d5 5. Bg2 0-0 6. 0-0 c6 7. b3 b6 8. Bb2 Ba6 9. Nbd2 Nbd7 10. Qc2 Rc8 11. Rfe1 c5 12. dxc5 Nxc5 13. Rac1 dxc4 14. bxc4 Qc7 15. Ng5 g6 16. Nge4 Nfxe4 17. Nxe4 Nxe4 18. Qxe4 Bxc4 19. Qd4 f6 20. Bh3 b5 21. Bxe6+ Kg7 22. Bxc8 Rxc8 23. e4 Rd8 24. Qc3 a5 25. a3 Qb6 26. e5 Rd3 27. exf6+ Bxf6 28. Re7+ Kh6 29. Qxf6 Qxf6 30. Bxf6 Rxa3 31. h4 a4 32. Rd1 Rb3 33. Kh2 a3 34. Bg5+ Kh5 35. Kh3 Be6+ 36. Rxe6 a2 37. Re7 h6 38. Rh7 a1Q 39. Rxh6# 1-0